00861 2200325 4500001002100000005001500021035002000036007000300056040001600059100002100075245002000096250001300116300004200129020002200171041000800193082001400201090002200215264003700237336002100274337003000295338002300325650001100348850001000359008004100369700003600410084002000446990002300466990002300489990002300512INLIS00000000000444820260525115923 a0010-0122000080ta aSPBUPDbind0 aHamkaePengarang1 aAyahku /cHamka a.-cet. 1 axxviii, 440 hal. :billus. ;c20,5 cm a978-602-250-675-1 aind a899.221.3 a020 ZUL m L 1-15 a.--jakarta :bGema Insani,c2019 2rdacontentaTeks 2rdamediaaTanpa Perantara 2rdacarrieravolume 4aayahku aPUPAD260525 0  apenyunting, mardiatiePengarang a899.221.3 HAM a a36.042/Br/DPK/2021 a36.043/Br/DPK/2021 a36.044/Br/DPK/2021